Home Countries of UEFA Champions League 2017-18 Teams - Statistics

General Stats
  • This quiz has been taken 221 times
  • The average score is 29 of 32
Answer Stats
Team Country % Correct
Manchester United England
99%
Chelsea England
99%
Liverpool England
99%
Manchester City England
99%
Tottenham Hotspur England
99%
Atlético Madrid Spain
99%
Barcelona Spain
99%
Sevilla Spain
99%
Real Madrid Spain
99%
Bayern Munich Germany
97%
RB Leipzig Germany
97%
Borussia Dortmund Germany
97%
Paris Saint-Germain France
96%
Monaco France
96%
Roma Italy
96%
Juventus Italy
96%
Napoli Italy
96%
Benfica Portugal
96%
Sporting CP Portugal
96%
Porto Portugal
96%
CSKA Moscow Russia
94%
Spartak Moscow Russia
94%
Feyenoord Netherlands
92%
Anderlecht Belgium
88%
Celtic Scotland
85%
Basel Switzerland
84%
Shakhtar Donetsk Ukraine
84%
Beşiktaş Turkey
83%
Olympiacos Greece
80%
Maribor Slovenia
64%
APOEL Cyprus
56%
Qarabağ Azerbaijan
51%
No matching quizzes found
Score Distribution
Percent of People with Each Score
Percentile by Number Answered
Your Score History
You have not taken this quiz